• 首页
  • 本馆介绍
  • 公告通知
  • 最新文献
  • 馆藏检索
  • 电子资源
  • 读者导购
  • 参考咨询
  • 我的图书馆
  • 登录
  • 详细信息显示
  • 放入我的书架
  • 预约/预借图书
  • 作者相关作品
  • 分类相关作品
  • 丛书相关作品
  • 出版社相关作品

书目信息

  • 表格格式
  • 工作单格式
  • 卡片格式
题名:
清稗类钞
    
 
作者: 徐珂 编
分册: 第十二册  
出版信息: 北京   中华书局  1986.7
页数: 5497-6544页
开本: 20cm
丛书名:
单 册:
中图分类: K249.6
科图分类:
主题词: 中国--历史
电子资源:
ISBN:
000 00537nam0 2200205 45
001 0312221749
005 20040509093917.9
010    @dCNY3.05
091    @a11018.1091-12
100    @a20031222d1986 km y0chiy0120 ea
101    @achi
105    @a z 000yy
200 1  @a清稗类钞@h第十二册@AQing Bai Lei Chao@f徐珂编@FXu Ke Bian
210    @a北京@c中华书局@d1986.7
215    @a5497-6544页@d20cm
606 0  @a中国@x历史
690    @aK249.6@v3
701 0  @a徐珂@4编
801    @aCN@bTSTCL@c20031222
905    @dK249.6@e19:12@f1@b166599
    
    清稗类钞.第十二册/徐珂编.-北京:中华书局,1986.7
    5497-6544页;20cm
    
    
    ISBN :CNY3.05
    
●
相关链接 在E读中查询图书 在五车中查询图书 在当当中查询图书 在豆瓣中查询图书


正题名:清稗类钞     索取号:K249.6/19:12         预约/预借

序号 登录号 条形码 馆藏地/架位号 状态 备注
1 0166599   000921701   第二借阅区/ [索取号:K249.6/19:12] 在馆    
2 0166600   000921710   第二样本阅览室/ [索取号:K249.6/19:12] 在馆    
唐山师范学院图书馆 欢迎您!
大连网信软件有限公司© 版权所有